ON HYPERCENTRAL SUBGROUPS OF INFINITE GROUPS

Bibliographic Details
Main Authors: Francesco de Giovanni (Author), Russo, Alessio (Author)
Format: Article
Language:English

MARC

LEADER 00000nab a2200000uu 4500
001 vtls011450683
003 SK-MaSNL
005 20260303151309.0
008 230222|2002 xo |||||||||||||||||eng|
015 |a SNBRB 
035 |a (urnnbn)urn:nbn:sk:snk:ar-006jx2 
035 |a (uuid)f1fcb942-621e-4d52-a7fe-f6371e396b03 
035 |a urn:nbn:sk:snk-abcmte 
040 |a SNKBUCL  |b slo  |c SNKBUCL  |e AACR2 
041 0 |a eng 
044 |a xo  |c SK 
100 1 |a Francesco de Giovanni  |4 aut  |9 1170686 
245 1 0 |a ON HYPERCENTRAL SUBGROUPS OF INFINITE GROUPS  |c Francesco De Giovanni, Alessio Russo 
700 1 |a Russo, Alessio  |4 aut  |9 1170687 
773 0 |t Mathematica Slovaca  |g Roč. 52, č. 3 (2002), s. 297-307 
958 |a OND 
958 |a EUIPO 
958 |a article16 
999 |c 2016994  |d 2018924